|
|
|
|
| LEADER |
00976nam a2200241 a 4500 |
| 001 |
13421650 |
| 008 |
090916s2003 ii a b 000 0 eng d |
| 010 |
|
|
|a 2003318393
|
| 020 |
|
|
|a 8173714320 (v. 1)
|
| 040 |
|
|
|a DLC
|c DLC
|
| 082 |
0 |
0 |
|a 338.95406
|2 22
|
| 245 |
0 |
4 |
|a The shaping of Indian science :
|b Indian Science Congress Association, presidential addresses.
|
| 260 |
|
|
|a Hyderabad :
|b Universities Press,
|c 2003.
|
| 300 |
|
|
|a xii, 579 p. :
|b ill. ;
|c 25 cm.
|
| 504 |
|
|
|a Includes bibliographical references.
|
| 541 |
1 |
|
|e 00019288
|
| 505 |
0 |
|
|a Vol. 1. 1914-1947.
|
| 650 |
|
0 |
|a Science
|z India
|v Speeches in Congress.
|
| 650 |
|
0 |
|a Technology
|z India
|v Speeches in Congress.
|
| 710 |
2 |
|
|a Indian Science Congress Association.
|
| 852 |
4 |
|
|a Ayesha Abed Library
|j General shelf
|
| 999 |
|
|
|c 3974
|d 3974
|
| 952 |
|
|
|0 0
|1 0
|2 ddc
|4 0
|6 338_954060000000000_SHA_2003
|7 0
|9 3662
|a BRACUL
|b BRACUL
|c GEN
|d 2009-09-15
|e Prothoma
|g 1352.00
|l 0
|o 338.95406 SHA
|p 3010019287
|r 2009-09-17
|t 1
|v 2704.00
|w 2009-09-17
|y BK
|